000 00705nam a2200229Ia 4500
003 OSt
005 20220923225039.0
006 a|||||r|||| 00| 0
007 ta
008 220922b |||||||| |||| 00| 0 hin d
024 _a255,712
037 _cTextual
040 _aARTS
_cARTS
_bhin
041 _2hin
_ahin
082 _aQ14, 152M8
100 _aद्विवेदी, कपिल देव
245 0 _aअथर्ववेद का सांस्कृतिक अध्ययन
246 _aAtharvaved kā sāanskṛutik adhyayana
260 _c1988
942 _hQ14, 152M8
_cTEXL
_2CC
999 _c375671
_d375671